| 000 | 00539nam a2200169Ia 4500 | ||
|---|---|---|---|
| 008 | 150610s9999 xx 000 0 und d | ||
| 020 | _a9780446572545 | ||
| 050 |
_aPS3566. _b.A822 C76 2010 |
||
| 100 | _aPatterson, James | ||
| 245 |
_aCrossfire / _cJames Patterson . |
||
| 260 |
_aNew York : _bGrand Central Pub., _c2010. |
||
| 300 |
_a356pages ; _c24 cm. |
||
| 520 | _aFiction. | ||
| 650 |
_aSnipers _xFiction. |
||
| 650 |
_aUnited States. Federal Bureau of Investigation -Employees _bFiction. |
||
| 650 |
_aWashington (D.C.) _xFiction. |
||
| 999 |
_c288188 _d288188 |
||